| 000 | 00692nam a2200253Ia 4500 | ||
|---|---|---|---|
| 005 | 20250425161757.0 | ||
| 008 | 250425s9999 xx 000 0 und d | ||
| 020 | _a970101958x | ||
| 041 | _aspa | ||
| 082 | _a620.86 | ||
| 100 | _aRAO V. KOLLURU, STEVEN M. BARTELL | ||
| 245 | 0 | _aMANUAL DE EVALUACION Y ADMINISTRACION DE RIESGOS: PARA PROFESIONALES EN CUESTIONES AMBIENTALES, DE LA SALUD Y LA SEGURIDAD | |
| 250 | _a1A ED. | ||
| 260 | _aMEXICO | ||
| 260 |
_aMéxico _bMCGRAW-HILL _c1998 |
||
| 650 | _aECOLOGIA | ||
| 650 | _aGESTION ESTRATEGICA | ||
| 650 | _aMEDIO AMBIENTE | ||
| 650 | _aRIESGOS | ||
| 650 | _aSALUD | ||
| 650 | _aSEGURIDAD | ||
| 942 | _c01 | ||
| 010 | _a28585 | ||
| 999 |
_c215889 _d215889 |
||